[Ginn reading program] : (Record no. 16782)

000 -LEADER
fixed length control field 00975nam a2200349Ka 4500
020 ## - INTERNATIONAL STANDARD BOOK NUMBER
ISBN 0663382149 (lvl.2)
020 ## - INTERNATIONAL STANDARD BOOK NUMBER
ISBN 0663383021 (lvl.3)
020 ## - INTERNATIONAL STANDARD BOOK NUMBER
ISBN 0663383919 (lvl.4)
020 ## - INTERNATIONAL STANDARD BOOK NUMBER
ISBN 0663384796 (lvl.5)
020 ## - INTERNATIONAL STANDARD BOOK NUMBER
ISBN 0663385679 (lvl.6)
020 ## - INTERNATIONAL STANDARD BOOK NUMBER
ISBN 0663386551 (lvl.7)
020 ## - INTERNATIONAL STANDARD BOOK NUMBER
ISBN 0663387434 (lvl.8)
020 ## - INTERNATIONAL STANDARD BOOK NUMBER
ISBN 0663388317 (lvl.9)
020 ## - INTERNATIONAL STANDARD BOOK NUMBER
ISBN 0663389194 (lvl.10)
020 ## - INTERNATIONAL STANDARD BOOK NUMBER
ISBN 0663390087 (lvl.11)
020 ## - INTERNATIONAL STANDARD BOOK NUMBER
ISBN 0663391075 (lvl.12)
020 ## - INTERNATIONAL STANDARD BOOK NUMBER
ISBN 0663392063 (lvl.13)
040 ## - CATALOGING SOURCE
Transcribing agency BGU
082 ## - DEWEY DECIMAL CLASSIFICATION NUMBER
Classification number 372 LEX 1982 A107 Or.
100 10 - MAIN ENTRY--AUTHOR NAME
Personal name Clymer, Theodore
245 10 - TITLE STATEMENT
Title [Ginn reading program] :
Remainder of title skillpack /
250 ## - EDITION STATEMENT
Edition statement Teacher's ed
260 0# - PUBLICATION, DISTRIBUTION, ETC. (IMPRINT)
Place of publication Lexington, Mass. :
Name of publisher Ginn and Co.,
Year of publication 1982
300 ## - PHYSICAL DESCRIPTION
Number of Pages 12 v. :
Other physical details ill. ;
Dimensions 28 cm
500 ## - GENERAL NOTE
General note Grades K-6, lvls. 2-13
500 ## - GENERAL NOTE
General note $1.05
650 #0 - SUBJECT ADDED ENTRY--TOPICAL TERM
Topical Term Reading (Kindergarten)
650 #0 - SUBJECT ADDED ENTRY--TOPICAL TERM
Topical Term Reading (Elementary)
700 10 - ADDED ENTRY--PERSONAL NAME
Personal name Venezky, Richard L
700 10 - ADDED ENTRY--PERSONAL NAME
Personal name Indrisano, Rosemina
942 ## - ADDED ENTRY ELEMENTS (KOHA)
Koha item type សៀវភៅភាសាអង់គ្លេស
952 ## - LOCATION AND ITEM INFORMATION (KOHA)
Withdrawn status [LOCAL, KOHA] 0
Holdings
Permanent Location Date acquired Koha item type Lost status Shelving location Barcode Current Location Full call number
Library Block A2018-04-25សៀវភៅភាសាអង់គ្លេស A108A15913Library Block A372 LEX 1982 A108 Or.
មជ្ឈមណ្ឌលឯការនៃសាកលវិទ្យាល័យភូមិន្ទកសិកម្មចំការដូង

Powered by Koha